000
00244nam a2200097Ia 4500
001
683393
005
20250826161437.0
008
250824s9999 xx 000 0 und d
245
0
_a
BENİ BÖYLE SEV
_c
FATMA PEKŞEN
260
_b
CARPE DİEM YAYINLARI
999
_c
683393
_d
683393